Historia y actualidad de los grupos indígenas de Querétaro (Record no. 12103)

MARC details
000 -CABECERA
campo de control de longitud fija 01708nam a2200385 4500
003 - IDENTIFICADOR DEL NÚMERO DE CONTROL
campo de control MX-MxINE
005 - FECHA Y HORA DE LA ÚLTIMA TRANSACCIÓN
campo de control 20260530113910.0
008 - DATOS DE LONGITUD FIJA--INFORMACIÓN GENERAL
campo de control de longitud fija 260421b1992 mx a|||| |||| 00| 0 spa d
020 ## - NÚMERO INTERNACIONAL ESTÁNDAR DEL LIBRO
Número Internacional Estándar del Libro 9682945119
040 ## - FUENTE DE LA CATALOGACIÓN
Centro catalogador/agencia de origen ICI
Lengua de catalogación spa
Centro/agencia transcriptor ICI
050 ## - SIGNATURA TOPOGRÁFICA DE LA BIBLIOTECA DEL CONGRESO
Número de clasificación F1219.1Q47
Número de documento/Ítem H57 1992
100 ## - ENTRADA PRINCIPAL--NOMBRE DE PERSONA
Término indicativo de función/relación autor
245 ## - MENCIÓN DE TÍTULO
Título Historia y actualidad de los grupos indígenas de Querétaro
Mención de responsabilidad, etc. Carlos Viramontes, Ana Ma. Crespo, Juan Carlos Saint-Charles, Alberto Herrera, Beatriz Cervantes,, Jesús Solís, Genoveva Orañanos, Juan José Bárcenas, Ewald Hekking, Severiano Andrés de Jesús, Paula de Santiago ; Carlos Viramontes, (coord.)
264 #1 - PRODUCCIÓN, PUBLICACIÓN, DISTRIBUCIÓN, FABRICACIÓN Y COPYRIGHT
Producción, publicación, distribución, fabricación y copyright Querétaro, Qro.
Nombre del de productor, editor, distribuidor, fabricante Gobierno del Estado de Querétaro
264 #1 - PRODUCCIÓN, PUBLICACIÓN, DISTRIBUCIÓN, FABRICACIÓN Y COPYRIGHT
Nombre del de productor, editor, distribuidor, fabricante Instituto Nacional de Antropología e Historia, Centro Regional Querétaro,
Fecha de producción, publicación, distribución, fabricación o copyright 1992
300 ## - DESCRIPCIÓN FÍSICA
Extensión 152 páginas
Otras características físicas ilustraciones (algunas a color)
336 ## - TIPO DE CONTENIDO
Fuente rdacontent
Término de tipo de contenido texto
337 ## - TIPO DE MEDIO
Fuente rdamedia
Nombre/término del tipo de medio sin medio
338 ## - TIPO DE SOPORTE
Fuente rdacarrier
Nombre/término del tipo de soporte volumen
500 ## - NOTA GENERAL
Nota general "Octubre de 1992"
650 #0 - PUNTO DE ACCESO ADICIONAL DE MATERIA--TÉRMINO DE MATERIA
Término de materia o nombre geográfico como elemento de entrada Indios de México
Subdivisión geográfica Querétaro (Estado)
9 (RLIN) 33291
651 #0 - PUNTO DE ACCESO ADICIONAL DE MATERIA--NOMBRE GEOGRÁFICO
Nombre geográfico Querétaro (Querétaro)
Subdivisión general Historia
9 (RLIN) 33292
700 #1 - PUNTO DE ACCESO ADICIONAL--NOMBRE DE PERSONA
Nombre de persona Viramontes, Carlos
Término indicativo de función/relación autor,
9 (RLIN) 33293
700 #1 - PUNTO DE ACCESO ADICIONAL--NOMBRE DE PERSONA
Nombre de persona Crespo, Ana María,
Término indicativo de función/relación autor
9 (RLIN) 33294
700 #1 - PUNTO DE ACCESO ADICIONAL--NOMBRE DE PERSONA
Nombre de persona Saint-Charles, Juan Charles
Término indicativo de función/relación autor
9 (RLIN) 33295
700 #1 - PUNTO DE ACCESO ADICIONAL--NOMBRE DE PERSONA
Nombre de persona Herrera, Alberto,
Término indicativo de función/relación autor
9 (RLIN) 33296
700 #1 - PUNTO DE ACCESO ADICIONAL--NOMBRE DE PERSONA
Nombre de persona Cervantes, Beatriz,
Término indicativo de función/relación autor
9 (RLIN) 33297
700 #1 - PUNTO DE ACCESO ADICIONAL--NOMBRE DE PERSONA
Nombre de persona Solís, Jesús
Término indicativo de función/relación autor
9 (RLIN) 33298
700 #1 - PUNTO DE ACCESO ADICIONAL--NOMBRE DE PERSONA
Nombre de persona Orvañanos, Genoveva,
Término indicativo de función/relación autor
9 (RLIN) 33299
700 #1 - PUNTO DE ACCESO ADICIONAL--NOMBRE DE PERSONA
Nombre de persona Bárcenas, Juan José
Término indicativo de función/relación autor
9 (RLIN) 33300
700 #1 - PUNTO DE ACCESO ADICIONAL--NOMBRE DE PERSONA
Nombre de persona Hekking, Ewald,
Fechas asociadas al nombre 1947
Término indicativo de función/relación autor
9 (RLIN) 33301
700 #1 - PUNTO DE ACCESO ADICIONAL--NOMBRE DE PERSONA
Nombre de persona Andrés de Jesús, Severiano
Fechas asociadas al nombre 1956
Término indicativo de función/relación autor
9 (RLIN) 33302
700 #1 - PUNTO DE ACCESO ADICIONAL--NOMBRE DE PERSONA
Nombre de persona Santiago, Paula
Fechas asociadas al nombre 1969
Término indicativo de función/relación autor
9 (RLIN) 33303
942 ## - ELEMENTOS DE PUNTO DE ACCESO ADICIONAL (KOHA)
Fuente del sistema de clasificación o colocación Dewey Decimal Classification
Suprimir en OPAC 0
Tipo de ítem Koha

No items available.